000 00311nam a22001337a 4500
008 180216b xxu||||| |||| 00| 0 eng d
020 _a044222143442
041 _aeng
080 _a37
100 _a48
101 _aedu
245 _aguided reading the four blocks way
_cpatricia.m.c
942 _2udc
_cBK
999 _c42796
_d42796